| 000 | 00375nam a2200145Ia 4500 | ||
|---|---|---|---|
| 008 | 230917s9999||||xx |||||||||||||| ||und|| | ||
| 040 |
_e73746 _aMAIN |
||
| 041 | _aEnglish | ||
| 082 | _a658.4 H414O | ||
| 100 | _aHerbert, Theodore T | ||
| 245 | 0 | _aOrganizational behaviour: readings and cases | |
| 260 |
_aNew York _bMacmillan _c1976 |
||
| 300 | _axv, 403 p. | ||
| 942 | _cBK | ||
| 999 |
_c205245 _d205245 |
||